000
00351nam a2200157Ia 4500
008
151213s9999 xx 000 0 und d
020
_a
`
100
_a
C.P. Snow
245
_a
The Masters
_c
C.P. Snow
250
_a
1st
260
_a
England
_b
Penguing Book
_c
1951
300
_a
4568 p.
650
_a
Reference
700
_a
C.P. Snow
999
_c
2942
_d
2942